Chapitre : conflits au Moyen-Orient - Statistiques

Statistiques générales
  • Ce quiz a été pris 24 fois
  • Le résultat moyen est 8 sur 45
Statistiques - réponses
Evènements Date % Correct
Début de l'affaire Dreyfus 1894
50%
Déclaration de Lord Barfour 1917
50%
Guerre du Kippour 1973
45%
Attaque du Hamas en Israël*** 7 octobre 2023
40%
Création de l'Etat d'Israël*** 14 mai 1948
35%
Indépendance de la Syrie 1946
35%
Indépendance de l'Arabie Saoudite 1932
30%
Attentats des jeux de Munich 1972
30%
Création du Hamas 1987
30%
Déclaration de guerre à Israël des pays arabes*** 15 mai 1948
25%
Adoption de la résolution n°181 1947
25%
Création de l'OLP 1964
25%
Anouar Al-Sadate présent à la Knesset 1977
25%
Première Intifada 1987
25%
Assassinat d'Yizak Rabbin 1995
25%
Guerre des 6 jours** Juin 1967
25%
Limitations des migrations en Palestine par les anglais 1934
20%
Indépendance du Liban 1946
20%
Nakhba 1948
20%
Création du Fatah 1959
20%
Création du Front Populaire de Libération Palestinien 1967
20%
2è choc pétrolier 1979
20%
Seconde Intifada qui va durer 5 ans 2000
20%
Seconde guerre du Golfe 2003
20%
Crise du canal de Suez** Juillet 1956
20%
Invasion du Sinai** Octobre 1956
20%
Accords de Camp David** Septembre 1978
20%
Indépendance de l'Irak 1935
15%
Installation des juifs en "Terre Promise" -2000
15%
Intensification des migrations juive en Palestine 1937
10%
Répressions sur les palestinien en Jordanie 1971
10%
Assassinat d'Anouar Al-Sadate** Octobre 1981
10%
Indépendance du Koweït 1960
5%
Indépendance du Qatar 1970
5%
Première guerre du Golfe 1971
5%
1er choc pétrolier 1978
5%
Guerre d'Irak-Iran 1988
5%
Guerre du Liban** Juin 1982
5%
Massacres de Sabra et Chatiba** Septembre 1982
5%
Harmonie entre juifs, chrétiens et musulmans à Jérusalem* 10è siècle
0%
Edit de Kalisz 1264
0%
Proclamation Palestine*** 15 novembre 1988
0%
Début de la Diaspora juive* 1er siècle
0%
Apparition sionisme* 20è siècle
0%
Traité Israël-Egypte*** 26 mars 1979
0%
Aucun quiz correspondant
Distribution des résultats
% des personnes avec chaque résultat
Percentile par nombre de réponses
Votre historique - résultats
Vous n’avez pas pris ce quiz